Akta Penghutang 1957 (Akta 256) & Debtors Act 1957 (Act 256) : (Hingga 25hb Julai 2006)

Bibliographic Details
Corporate Authors: Malaysia, International Law Book Services. Lembaga Penyelidikan Undang-Undang
Format: Book
Published: Petaling Jaya : International Law Book Services , 2006
Subjects:

MARC

LEADER 00000cam a2200000 7i4500
001 0000018494
005 20061222.0
020 |a 9678908123 
040 |a INS 
090 0 0 |a KPG903.A311957   |b M4 2002 
110 1 |a Malaysia 
240 0 0 |a [Akta Penghutang 1957 (Akta 256)] 
245 1 0 |a Akta Penghutang 1957 (Akta 256) & Debtors Act 1957 (Act 256) :   |b (Hingga 25hb Julai 2006) 
260 |a Petaling Jaya :   |b International Law Book Services ,   |c 2006 
300 |a 31 p. ;   |c 24cm. 
650 0 0 |a Debtor and creditor   |z Malaysia 
710 1 |a International Law Book Services. Lembaga Penyelidikan Undang-Undang 
740 0 |a Undang-Undang Malaysia 
999 |a 0000017769   |b BOOK   |c Acts   |e Default branch